000 01072nam a22003017a 4500
001 4738
003 FISKH
005 20240927163910.0
008 240926b cb ||||| |||| 00| 0 eng d
020 _a9780439791939
040 _aFISKH
_beng
_cFISKH
_dFISKH
050 _aGB5014.L44
082 _a030.02
100 _aLee, Celeste
_dauthor
245 _aDeadly Disasters :
_cCompiled by Celeste Lee & Ryan Herndon
_bDeadly Disasters: Catastrophic Records in History (Guinness World Records) /
250 _aFirst printing , February 2006
260 _aNew York :
_bScholastic ;
_c2006 .
300 _a90 pages :
_bcolor illustration ;
_c20 cm .
490 _aGuinness World Records
505 _aR
520 _a"Selected from the archives of Guinness World Records, this riveting book chronicles the world's deadliest disasters."--Back cover
521 8 _a780
_bLexile estimate
521 8 _aR
_bRaz-Plus
650 _anatural disasters
_vnon-fiction
700 _aHerndon, Ryan
_eillustrator
942 _2ddc
_cBK
_n0
999 _c4738
_d4738